[Event "Lichtenberger Sommer 2018"]
[Site "?"]
[Date "2018.08.25"]
[Round "8.69"]
[White "Schmalzried, Volker"]
[Black "Schild, Reinhard"]
[Result "1-0"]
[WhiteElo "1807"]
[BlackElo "1601"]
[PlyCount "77"]
[EventDate "2018.??.??"]
[WhiteTeam "vereinslos"]
[BlackTeam "SG Weißensee 49"]

1. c4 Nf6 2. Nc3 e6 3. g3 c6 4. Bg2 d5 5. cxd5 exd5 6. d4 Bb4 7. Nf3 O-O 8. O-O
Re8 9. a3 Bxc3 10. bxc3 Bf5 11. Ra2 Nbd7 12. Rb2 Qc8 13. Re1 Nb6 14. Nd2 Bh3
15. f3 Bxg2 16. Kxg2 Qf5 17. Qc2 Qxc2 18. Rxc2 Re7 19. e4 dxe4 20. Nxe4 Nxe4
21. fxe4 f6 22. c4 Rc8 23. c5 Nd7 24. Bf4 b5 25. Kf3 Rce8 26. Bd6 Re6 27. Rce2
g6 28. g4 h6 29. h4 Kf7 30. h5 g5 31. Ra1 a5 32. a4 b4 33. Rae1 Kg8 34. d5 cxd5
35. exd5 Rxe2 36. Rxe2 Ne5+ 37. Bxe5 Rxe5 38. Rxe5 fxe5 39. c6 1-0

[Event "Lichtenberger Sommer 2018"]
[Site "?"]
[Date "2018.08.25"]
[Round "8.70"]
[White "Metzinger, Hannes"]
[Black "Murat, Abylay"]
[Result "1-0"]
[WhiteElo "1734"]
[BlackElo "1708"]
[PlyCount "43"]
[EventDate "2018.??.??"]
[WhiteTeam "SK Ottenau"]
[BlackTeam "SC Friesen Lichtenberg"]

1. e4 c5 2. Nf3 Nc6 3. d4 cxd4 4. Nxd4 Nf6 5. Nc3 e6 6. Ndb5 a6 7. Nd6+ Bxd6 8.
Qxd6 Qe7 9. Qg3 Nh5 10. Qf3 Qc5 11. Be3 Qe5 12. O-O-O b5 13. g4 Nf6 14. Bf4 Qc5
15. e5 Ng8 16. Ne4 Nd4 17. Rxd4 Qxd4 18. Nd6+ Kf8 19. Be3 Qxe3+ 20. fxe3 Nh6
21. Qxa8 Ke7 22. Nxc8+ 1-0

[Event "Lichtenberger Sommer 2018"]
[Site "?"]
[Date "2018.08.25"]
[Round "8.71"]
[White "Morczynski, Joachim"]
[Black "Kautz, Stefan"]
[Result "0-1"]
[WhiteElo "1583"]
[BlackElo "1894"]
[PlyCount "54"]
[EventDate "2018.??.??"]
[WhiteTeam "SK Zehlendorf"]
[BlackTeam "SC Empor Maulwurf Bonn"]

1. e4 c5 2. Nf3 d6 3. d4 cxd4 4. Qxd4 a6 5. c4 Nc6 6. Qe3 Nf6 7. h3 g6 8. Nc3
Bg7 9. Nd4 Nxd4 10. Qxd4 O-O 11. Qe3 Bd7 12. Be2 b5 13. Rb1 b4 14. Nd5 Nxd5 15.
exd5 Qa5 16. Qb3 Ba4 17. Qd3 Qc7 18. b3 Bd7 19. g4 e6 20. dxe6 fxe6 21. Bb2 e5
22. Qd5+ Kh8 23. Bf3 Rxf3 24. Qxa8+ Rf8 25. Qxa6 Bc6 26. c5 Bxh1 27. cxd6 Qc2
0-1

[Event "Lichtenberger Sommer 2018"]
[Site "?"]
[Date "2018.08.25"]
[Round "8.72"]
[White "Wadepfuhl, Jeremy"]
[Black "Krüger, Ekkehard"]
[Result "0-1"]
[WhiteElo "1526"]
[BlackElo "1854"]
[PlyCount "66"]
[EventDate "2018.??.??"]
[WhiteTeam "Borussia Lichtenberg"]
[BlackTeam "SG NARVA Berlin"]

1. b3 d5 2. Bb2 c5 3. e3 Nc6 4. Nf3 Bg4 5. Bb5 a6 6. Bxc6+ bxc6 7. d4 Nf6 8.
O-O e6 9. c3 Bd6 10. Nbd2 cxd4 11. cxd4 Rc8 12. Qc2 Bf5 13. Qc3 Nd7 14. b4 O-O
15. a4 f6 16. Nb3 g5 17. Nc5 Bxc5 18. bxc5 Qc7 19. Ra3 Rb8 20. Rfa1 Rb7 21. Rb3
Rxb3 22. Qxb3 Rb8 23. Qa3 h5 24. a5 Qb7 25. Bc1 Qb5 26. Ra2 Qc4 27. Nd2 Qe2 28.
Nf1 Qd1 29. Rd2 Qe1 30. Qc3 Rb1 31. Rc2 Qd1 32. e4 Bxe4 33. Qh3 Bf5 0-1

[Event "Lichtenberger Sommer 2018"]
[Site "?"]
[Date "2018.08.25"]
[Round "8.73"]
[White "Bastian, Reinhard"]
[Black "Kohlmeyer, Dagobert"]
[Result "0-1"]
[WhiteElo "1667"]
[BlackElo "1858"]
[PlyCount "94"]
[EventDate "2018.??.??"]
[WhiteTeam "vereinslos"]
[BlackTeam "SG Weißensee 49"]

1. e4 e6 2. d4 d5 3. e5 c5 4. c3 Nc6 5. Nf3 Qb6 6. a3 Bd7 7. b4 cxd4 8. cxd4
Nge7 9. Nc3 Nf5 10. Na4 Qc7 11. Bb2 b6 12. Rc1 Qd8 13. Bd3 Nh4 14. Be2 Nxf3+
15. Bxf3 Be7 16. O-O O-O 17. Be2 a6 18. Bxa6 Nb8 19. b5 Nxa6 20. bxa6 Rxa6 21.
Nc3 Qa8 22. a4 Qe8 23. Nb5 Bxb5 24. axb5 Qxb5 25. Rb1 Qd7 26. Qb3 Rc8 27. Rfc1
Rxc1+ 28. Rxc1 h6 29. g3 b5 30. Ra1 Rxa1+ 31. Bxa1 Qc6 32. Qc3 Qc4 33. Bb2 Bb4
34. Qc1 Qxc1+ 35. Bxc1 Bc3 36. Kf1 b4 37. Ke2 b3 38. Kd3 b2 39. Bxb2 Bxb2 40.
f4 h5 41. h3 f6 42. g4 hxg4 43. hxg4 fxe5 44. dxe5 Kf7 45. Kc2 Ba1 46. Kd3 g5
47. Ke3 gxf4+ 0-1

[Event "Lichtenberger Sommer 2018"]
[Site "?"]
[Date "2018.08.25"]
[Round "8.74"]
[White "Bandsom, Olaf"]
[Black "Kirves, Martin"]
[Result "1-0"]
[WhiteElo "1806"]
[BlackElo "1332"]
[PlyCount "137"]
[EventDate "2018.??.??"]
[WhiteTeam "SC Friesen Lichtenberg"]
[BlackTeam "BSC Rehberge"]

1. e4 e6 2. d4 d5 3. Nc3 Nf6 4. e5 Nfd7 5. f4 c5 6. Nf3 Nc6 7. Be3 Be7 8. Be2
a6 9. O-O O-O 10. f5 cxd4 11. Bxd4 Qc7 12. Re1 Ncxe5 13. Nxe5 Nxe5 14. fxe6
fxe6 15. Bxe5 Qxe5 16. Bg4 Qd6 17. Qe2 Rf6 18. Rad1 Qc5+ 19. Kh1 Qf2 20. Qxf2
Rxf2 21. Bxe6+ Bxe6 22. Rxe6 Raf8 23. h3 Bf6 24. Nxd5 Rxc2 25. Rb6 Be5 26. Rxb7
Rd2 27. Ne7+ Kh8 28. Re1 Bg3 29. Rg1 Rd3 30. Rb3 Rxb3 31. axb3 Rf2 32. Rb1 g6
33. Nc6 Rf4 34. Kg1 Bf2+ 35. Kh2 Bb6 36. Kh1 h5 37. Ne5 Kg7 38. Rd1 Bd4 39. Nc4
h4 40. Kh2 g5 41. Rd2 Kg6 42. g3 hxg3+ 43. Kxg3 Kh5 44. Rd3 Ba7 45. Ne3 Bb8 46.
Kg2 Re4 47. Kf3 Rf4+ 48. Kg2 Be5 49. Ng4 Bxb2 50. Rd6 Bg7 51. Rxa6 Rb4 52. Ra3
Bf8 53. Nf6+ Kh4 54. Ra4 Rxa4 55. bxa4 Bb4 56. Nd5 Ba5 57. Ne3 Bb6 58. Nf5+ Kh5
59. Kf3 Ba5 60. Ng7+ Kh4 61. Ne6 Bd2 62. Ke2 Ba5 63. Kd3 Bb6 64. Kc4 Be3 65. a5
Kxh3 66. Nxg5+ Bxg5 67. Kd3 Kg4 68. a6 Bf4 69. a7 1-0

[Event "Lichtenberger Sommer 2018"]
[Site "?"]
[Date "2018.08.25"]
[Round "8.75"]
[White "Khalaf, Adnan"]
[Black "Lieder, Günter"]
[Result "1/2-1/2"]
[WhiteElo "1585"]
[BlackElo "1830"]
[PlyCount "90"]
[EventDate "2018.??.??"]
[WhiteTeam "Läufer Reinickendorf"]
[BlackTeam "SK Turm Bad Hersfeld"]

1. d4 d5 2. Bf4 e6 3. e3 Nf6 4. a3 Bd6 5. Bxd6 Qxd6 6. c4 dxc4 7. Bxc4 a6 8.
Nf3 b5 9. Bd3 Bb7 10. Nc3 O-O 11. e4 Qe7 12. e5 Nd5 13. Rc1 Rc8 14. Bb1 c5 15.
Qd3 g6 16. Nxd5 Bxd5 17. Qe3 Bxf3 18. Qxf3 Nd7 19. O-O Nb6 20. dxc5 Rxc5 21.
Rxc5 Qxc5 22. Be4 Rd8 23. Qf6 Rd2 24. h4 Nd7 25. Qd8+ Kg7 26. Qg5 Rxb2 27. h5
h6 28. Qd8 Nxe5 29. hxg6 f5 30. Bf3 Nxg6 31. Bh5 Qe7 32. Qd4+ Qf6 33. Qd7+ Ne7
34. g3 Rc2 35. Rd1 f4 36. g4 f3 37. Qe8 Ra2 38. Kf1 Rxa3 39. Kg1 b4 40. Kh2 Ra2
41. Kg3 Nd5 42. Rxd5 exd5 43. Qd7+ Kf8 44. Qe8+ Kg7 45. Qd7+ Kf8 1/2-1/2

[Event "Lichtenberger Sommer 2018"]
[Site "?"]
[Date "2018.08.25"]
[Round "8.76"]
[White "Franke, Lukas"]
[Black "Bollenbach, Horst"]
[Result "1/2-1/2"]
[WhiteElo "1287"]
[BlackElo "1736"]
[PlyCount "86"]
[EventDate "2018.??.??"]
[WhiteTeam "Königsjäger Süd-West"]
[BlackTeam "SC Friesen Lichtenberg"]

1. d4 Nf6 2. Bf4 e6 3. e3 c5 4. c3 d5 5. Bd3 Nc6 6. Nf3 Bd6 7. Bg3 O-O 8. Nbd2
cxd4 9. exd4 Qc7 10. O-O e5 11. dxe5 Nxe5 12. Nxe5 Bxe5 13. Re1 Bxg3 14. hxg3
Bg4 15. Qc2 Rae8 16. Nf3 Bxf3 17. gxf3 Re5 18. Kg2 Rfe8 19. Rxe5 Qxe5 20. Rh1
g6 21. Qd2 Nh5 22. Qh6 f5 23. Qg5 Qf6 24. Rxh5 Qxg5 25. Rxg5 Kf7 26. Bxf5 gxf5
27. Rxf5+ Ke6 28. Rh5 Re7 29. f4 b5 30. Kf3 Rg7 31. Re5+ Kd6 32. Ke3 Rc7 33.
Re8 a5 34. Kd3 Kc5 35. Re1 a4 36. b4+ Kd6 37. Kd4 Rc4+ 38. Kd3 d4 39. cxd4 Rxb4
40. f5 Rb2 41. Ke3 Rxa2 42. Kf3 Rc2 43. Rb1 Rc3+ 1/2-1/2

[Event "Lichtenberger Sommer 2018"]
[Site "?"]
[Date "2018.08.25"]
[Round "8.77"]
[White "Stein, Siegfried"]
[Black "Korek, Jakob Alexander"]
[Result "1-0"]
[WhiteElo "1822"]
[BlackElo "1498"]
[PlyCount "73"]
[EventDate "2018.??.??"]
[WhiteTeam "SV Berolina Mitte"]
[BlackTeam "Königsjäger Süd-West"]

1. e4 c5 2. d4 cxd4 3. c3 Nf6 4. e5 Nd5 5. Bc4 Nb6 6. Bb3 Nc6 7. Nf3 e6 8. O-O
d6 9. cxd4 Be7 10. Nc3 O-O 11. Qe2 a6 12. Be3 Qc7 13. Rac1 Rd8 14. a3 d5 15.
Rfd1 Qd7 16. Ba2 Nc4 17. Bb1 N6a5 18. b4 Nb3 19. Qc2 f5 20. exf6 Bxf6 21. Qxb3
b5 22. Bf4 Qf7 23. Bg3 Bd7 24. Ne2 a5 25. Nf4 axb4 26. axb4 Ra3 27. Qc2 g6 28.
Nd3 Re8 29. Nde5 Bxe5 30. Nxe5 Nxe5 31. Bxe5 Rc8 32. Qd2 Qe8 33. Rxc8 Bxc8 34.
h3 Qc6 35. Rc1 Qe8 36. Qh6 Qf8 37. Rxc8 1-0

[Event "Lichtenberger Sommer 2018"]
[Site "?"]
[Date "2018.08.25"]
[Round "8.78"]
[White "Wolff, Marie Antoinette"]
[Black "Plaza Reino, Mateo"]
[Result "1-0"]
[WhiteElo "1780"]
[BlackElo "1410"]
[PlyCount "63"]
[EventDate "2018.??.??"]
[WhiteTeam "Leegebrucher SF"]
[BlackTeam "Enniscorthy Chess Club"]

1. d4 Nf6 2. c4 c5 3. e3 d6 4. Nc3 g6 5. Bd3 Bg7 6. Nge2 O-O 7. O-O Nbd7 8. f4
cxd4 9. exd4 Qc7 10. f5 Nb6 11. fxg6 hxg6 12. b3 d5 13. c5 Nbd7 14. Be3 Nb8 15.
Qd2 Nc6 16. Bh6 Bxh6 17. Qxh6 Ng4 18. Qh4 Ne3 19. Bxg6 fxg6 20. Rxf8+ Kxf8 21.
Qh6+ Kg8 22. Qxg6+ Kf8 23. Qh6+ Ke8 24. Qxe3 Bf5 25. Nxd5 Qd8 26. Nec3 e6 27.
Rf1 Kd7 28. Nf4 Kc8 29. Nxe6 Bxe6 30. Qxe6+ Kb8 31. d5 Nd4 32. Qe5+ 1-0

[Event "Lichtenberger Sommer 2018"]
[Site "?"]
[Date "2018.08.25"]
[Round "8.80"]
[White "Lange, Malina"]
[Black "Völler, Lothar"]
[Result "1-0"]
[WhiteElo "1488"]
[BlackElo "1689"]
[PlyCount "87"]
[EventDate "2018.??.??"]
[WhiteTeam "SV Mattnetz Berlin"]
[BlackTeam "FS Dortmund"]

1. e4 c5 2. Nf3 g6 3. d4 b6 4. Nc3 a6 5. Be3 d6 6. Bc4 b5 7. Bd5 Ra7 8. dxc5
Rd7 9. c6 Rc7 10. Bb6 e6 11. Bxc7 Qxc7 12. Bb3 Bg7 13. Qd2 Ne7 14. Rd1 Be5 15.
Nxe5 dxe5 16. Qg5 O-O 17. Qf6 Nexc6 18. h4 Qe7 19. Qxe7 Nxe7 20. O-O Nbc6 21.
Rd6 Nd4 22. Re1 a5 23. a4 b4 24. Nb5 Nxb3 25. cxb3 f5 26. Na7 fxe4 27. Rxe4 Bb7
28. Rxe5 Bd5 29. Re3 Nf5 30. Rxd5 exd5 31. Re5 d4 32. Nc6 Rc8 33. Nxa5 Rc1+ 34.
Kh2 Rc2 35. Nc4 Rxf2 36. a5 Rf1 37. a6 Ra1 38. Ra5 Rxa5 39. Nxa5 d3 40. a7 d2
41. a8=Q+ Kf7 42. Qd5+ Kf6 43. Qxd2 Nxh4 44. Qf4+ 1-0

[Event "Lichtenberger Sommer 2018"]
[Site "?"]
[Date "2018.08.25"]
[Round "8.81"]
[White "Zinnecker, Peter"]
[Black "Engesser, Philipp"]
[Result "0-1"]
[WhiteElo "1401"]
[BlackElo "1626"]
[PlyCount "138"]
[EventDate "2018.??.??"]
[WhiteTeam "SV Teutonia Coerde"]
[BlackTeam "Esv Askoe Admira Villach"]

1. c4 c5 2. g3 b6 3. Bg2 Nc6 4. Nf3 Bb7 5. d3 e6 6. Nc3 Nf6 7. O-O Be7 8. Re1
O-O 9. e4 e5 10. a3 a6 11. Rb1 Rb8 12. h3 Qc8 13. Nd5 Nxd5 14. exd5 Nd4 15.
Rxe5 Bf6 16. Re1 d6 17. Nxd4 Bxd4 18. Bf4 Qd7 19. Re4 Rfe8 20. Rxe8+ Rxe8 21.
g4 Qe7 22. Bf3 Qh4 23. Qf1 Qf6 24. Re1 Rxe1 25. Qxe1 g5 26. Bxd6 Qxd6 27. Kg2
Bxb2 28. Qd2 Bf6 29. Be4 Qf4 30. Qxf4 gxf4 31. Kf3 Be5 32. g5 b5 33. Ke2 Bc8
34. h4 Bg4+ 35. Kd2 Bd7 36. Kc2 Bd4 37. f3 h6 38. d6 hxg5 39. hxg5 Be5 40. Bb7
a5 41. cxb5 Bxb5 42. Bd5 Kg7 43. Bc4 Bd7 44. Kb3 Bxd6 45. a4 Kg6 46. Bb5 Bf5
47. Ba6 Kxg5 48. Kc4 Kh4 49. Kd5 Be7 50. Ke5 Bd7 51. Kxf4 Bxa4 52. Ke5 Bd7 53.
Bc4 f6+ 54. Kf4 a4 55. Ba2 a3 56. Ke4 Kg3 57. Bc4 Bb5 58. Ba2 Bxd3+ 59. Kxd3
Kxf3 60. Bd5+ Kf4 61. Be6 Ke5 62. Bb3 f5 63. Ke3 f4+ 64. Kf3 Bd6 65. Bc4 Kd4
66. Bf7 Kc3 67. Ke4 Kb2 68. Kd3 a2 69. Bxa2 Kxa2 0-1

[Event "Lichtenberger Sommer 2018"]
[Site "?"]
[Date "2018.08.25"]
[Round "8.82"]
[White "Gräbnitz, Marc-Florian"]
[Black "Mueller, Jörg René"]
[Result "1-0"]
[WhiteElo "1495"]
[BlackElo "1547"]
[PlyCount "107"]
[EventDate "2018.??.??"]
[WhiteTeam "SC Eintracht Berlin"]
[BlackTeam "SC Zugzwang 95 (Berlin)"]

1. d4 c5 2. c3 Nf6 3. Nf3 e6 4. Bf4 Nc6 5. e3 Nh5 6. Bg3 Nxg3 7. hxg3 b6 8. Bd3
g6 9. Nbd2 Bg7 10. Bb5 Bb7 11. Ne4 d5 12. Ned2 a6 13. Ba4 b5 14. Bc2 c4 15. e4
Ne7 16. O-O O-O 17. Re1 Qd7 18. a4 f5 19. exf5 exf5 20. axb5 axb5 21. b3 Rxa1
22. Qxa1 Ra8 23. Qb2 Rc8 24. bxc4 dxc4 25. Ne5 Qd5 26. Ndf3 Nc6 27. Nxc4 Nxd4
28. cxd4 bxc4 29. Re3 Bxd4 30. Qxd4 Qc6 31. Rc3 Ba6 32. Bb3 h6 33. Ne5 Qf6 34.
Bxc4+ Bxc4 35. Rxc4 Rxc4 36. Qxc4+ Kg7 37. Qc7+ Kg8 38. Nc6 h5 39. Qd8+ Kg7 40.
Qxf6+ Kxf6 41. f4 g5 42. Kf2 gxf4 43. gxf4 h4 44. Nd4 Kg6 45. Kf3 Kf6 46. g4
hxg3 47. Kxg3 Kg6 48. Kh4 Kf6 49. Kh5 Kg7 50. Nxf5+ Kf7 51. Nd6+ Ke6 52. Kg6
Kxd6 53. f5 Ke7 54. Kg7 1-0

[Event "Lichtenberger Sommer 2018"]
[Site "?"]
[Date "2018.08.25"]
[Round "8.83"]
[White "Abraham, Helmut"]
[Black "Lalaev, Ashur"]
[Result "0-1"]
[WhiteElo "1461"]
[BlackElo "1656"]
[PlyCount "90"]
[EventDate "2018.??.??"]
[WhiteTeam "SC Kreuzberg"]
[BlackTeam "TuS Makkabi Berlin"]

1. Nf3 d5 2. e3 c5 3. c4 e6 4. b3 Nf6 5. Nc3 Be7 6. cxd5 exd5 7. d4 Nc6 8. Bb2
O-O 9. Bd3 Bg4 10. O-O Kh8 11. Be2 h6 12. Rc1 cxd4 13. exd4 Re8 14. Ne5 Be6 15.
Bf3 Kg8 16. Ne2 Rc8 17. Nf4 Bf5 18. Re1 Bd6 19. Nh5 Ne4 20. Bxe4 Bxe4 21. Qg4
Qg5 22. Qxg5 hxg5 23. Ng3 Bh7 24. Re3 Nxe5 25. dxe5 Rxc1+ 26. Bxc1 Rxe5 27.
Rxe5 Bxe5 28. Bxg5 Bb1 29. Nf5 d4 30. Ne7+ Kf8 31. Nd5 Bxa2 32. Bf4 Bxf4 33.
Nxf4 Bxb3 34. Kf1 Ke7 35. Ke2 Kd6 36. Kd2 Kc5 37. Nd3+ Kb5 38. Ne5 a5 39. Nf3
Kc5 40. Kd3 Bc4+ 41. Kc2 b5 42. Nd2 Kb4 43. Kb2 a4 44. Nb1 Bd3 45. Na3 Ka5 0-1

[Event "Lichtenberger Sommer 2018"]
[Site "?"]
[Date "2018.08.25"]
[Round "8.84"]
[White "Eichstädt, Torsten"]
[Black "Timm, Christian"]
[Result "1-0"]
[WhiteElo "1361"]
[BlackElo "1651"]
[PlyCount "65"]
[EventDate "2018.??.??"]
[WhiteTeam "SC Friesen Lichtenberg"]
[BlackTeam "König Springer Herzberg"]

1. d4 e6 2. Nf3 Be7 3. c4 Nf6 4. Nc3 b6 5. e4 d6 6. d5 O-O 7. Be2 Nbd7 8. O-O
exd5 9. cxd5 Nc5 10. Nd4 Nfxe4 11. Nxe4 Nxe4 12. Nc6 Qd7 13. Bg4 f5 14. Re1 Bf6
15. Bh3 Qf7 16. Re3 Bd7 17. Rb1 g5 18. Rxe4 fxe4 19. Bxd7 Qxd7 20. Qh5 Qe8 21.
Qg4 h5 22. Qg3 Qg6 23. b3 e3 24. Rb2 Bxb2 25. Ne7+ Kh7 26. Nxg6 e2 27. Nxf8+
Rxf8 28. Bd2 Bd4 29. Qd3+ Kg7 30. Qxd4+ Kh6 31. Bc3 Rf7 32. Qh8+ Rh7 33. Qf6#
1-0

[Event "Lichtenberger Sommer 2018"]
[Site "?"]
[Date "2018.08.25"]
[Round "8.85"]
[White "Schiller, Stephan"]
[Black "Wieczorek, Martin"]
[Result "1/2-1/2"]
[WhiteElo "1604"]
[BlackElo "1426"]
[PlyCount "44"]
[EventDate "2018.??.??"]
[WhiteTeam "SV Motor Wildau"]
[BlackTeam "SK Dessau 93"]

1. d4 e6 2. c4 f5 3. Nc3 Nf6 4. Nf3 d5 5. Bg5 c6 6. e3 Be7 7. Bd3 O-O 8. Qc2
Ne4 9. Bf4 Nd7 10. Nd2 Bg5 11. Bxg5 Qxg5 12. g3 Ndf6 13. Rf1 Ng4 14. Nf3 Qh6
15. O-O-O Bd7 16. Rde1 Rae8 17. Kb1 Nxh2 18. Rh1 Nxf3 19. Rxh6 Nxe1 20. Qe2
gxh6 21. Qxe1 Rf7 22. Ne2 Rg7 1/2-1/2

[Event "Lichtenberger Sommer 2018"]
[Site "?"]
[Date "2018.08.25"]
[Round "8.86"]
[White "Pathasart, Somchay"]
[Black "Kossueva, Fatima"]
[Result "1-0"]
[WhiteElo "1750"]
[BlackElo "1365"]
[PlyCount "77"]
[EventDate "2018.??.??"]
[WhiteTeam "SG Weißensee 49"]
[BlackTeam "SC Friesen Lichtenberg"]

1. e4 d6 2. Nf3 Nf6 3. Nc3 g6 4. Bc4 Bg7 5. d4 c6 6. d5 b5 7. Bd3 a6 8. dxc6
Nxc6 9. a3 Bb7 10. O-O O-O 11. Re1 e5 12. Be3 d5 13. Bg5 Qd7 14. Bxf6 Bxf6 15.
Nxd5 Bg7 16. Nb6 Qd6 17. Nxa8 Bxa8 18. a4 Nd4 19. axb5 axb5 20. Kh1 f5 21. Nxd4
Qxd4 22. f3 b4 23. b3 Kh8 24. Qd2 fxe4 25. fxe4 Bb7 26. Qe3 Qxe3 27. Rxe3 Rf2
28. Kg1 Rd2 29. Rf3 Bh6 30. Rf7 Be3+ 31. Kf1 Bc6 32. Ra6 Kg8 33. Bc4 Bxe4 34.
Rf3+ Bd5 35. Bxd5+ Rxd5 36. Rxe3 Kf7 37. Ke2 h6 38. Rf3+ Ke7 39. Rxg6 1-0

[Event "Lichtenberger Sommer 2018"]
[Site "?"]
[Date "2018.08.25"]
[Round "8.87"]
[White "Schilly, Hans-Joachim"]
[Black "Langner, Hans-Rainer"]
[Result "1-0"]
[WhiteElo "1771"]
[BlackElo "1603"]
[PlyCount "106"]
[EventDate "2018.??.??"]
[WhiteTeam "SF Siemensstadt"]
[BlackTeam "TSV Mariendorf"]

1. c4 Nf6 2. Nc3 e5 3. g3 d5 4. cxd5 Nxd5 5. Bg2 c6 6. Nf3 Nxc3 7. bxc3 Qc7 8.
d3 Be6 9. O-O Be7 10. Bb2 Nd7 11. a4 a5 12. c4 O-O 13. Nd2 Rab8 14. Bc3 Qb6 15.
Rb1 Bb4 16. Qc2 c5 17. Ne4 f6 18. h3 Qc7 19. g4 Nb6 20. Bb2 Bd7 21. Nc3 f5 22.
Nb5 Bxb5 23. axb5 fxg4 24. hxg4 Qe7 25. f3 Nd7 26. Qc1 Qh4 27. Qe3 Rbe8 28. Qf2
Qg5 29. Bc1 Qg6 30. Qh4 e4 31. fxe4 Rxf1+ 32. Kxf1 Ne5 33. Bf3 Ra8 34. Bb2 Nf7
35. e5 Ng5 36. Bxb7 Rf8+ 37. Kg2 Kh8 38. Bd5 Nf3 39. Bxf3 Re8 40. Rh1 h6 41.
Be4 Qe6 42. g5 Bd2 43. gxh6 Bxh6 44. Qg3 Rf8 45. Ba3 g5 46. Bxc5 Rf4 47. Bf3
Kg7 48. Be3 Kf8 49. Bxf4 gxf4 50. Qh4 Qg6+ 51. Kf1 Bg7 52. Qd8+ Qe8 53. Qxe8+
Kxe8 1-0

[Event "Lichtenberger Sommer 2018"]
[Site "?"]
[Date "2018.08.25"]
[Round "8.88"]
[White "Ettel, Ralf"]
[Black "Müller, Johannes"]
[Result "1-0"]
[WhiteElo "1549"]
[BlackElo "1775"]
[PlyCount "67"]
[EventDate "2018.??.??"]
[WhiteTeam "SK König Tegel"]
[BlackTeam "SC Eintracht Berlin"]

1. c4 e6 2. Nc3 d5 3. g3 f5 4. Bg2 c6 5. Nf3 Nf6 6. O-O Bd6 7. cxd5 exd5 8. d4
O-O 9. Ne5 Nbd7 10. Bf4 Qe7 11. Nd3 Bxf4 12. Nxf4 g5 13. Nd3 Ne4 14. e3 h6 15.
Rc1 Kh7 16. b4 Rf6 17. b5 a6 18. bxc6 bxc6 19. Nxe4 dxe4 20. Nc5 a5 21. Qb3
Nxc5 22. Rxc5 Qd6 23. Rfc1 Bd7 24. Qc3 a4 25. Rb1 Rb8 26. Rxb8 Qxb8 27. d5 Qb1+
28. Bf1 Rd6 29. Qe5 Qb8 30. dxc6 Bc8 31. Qe7+ Kg6 32. c7 Qb6 33. Bb5 Qxc5 34.
Be8# 1-0

[Event "Lichtenberger Sommer 2018"]
[Site "?"]
[Date "2018.08.25"]
[Round "8.89"]
[White "Fontaine, Constantin"]
[Black "Lee, Kwan Ho"]
[Result "1/2-1/2"]
[WhiteElo "1487"]
[BlackElo "1650"]
[PlyCount "109"]
[EventDate "2018.??.??"]
[WhiteTeam "SK Tempelhof 1931"]
[BlackTeam "Hong Kong Chess Federation"]

1. e4 c6 2. d4 d5 3. exd5 cxd5 4. Nf3 Nc6 5. Bf4 e6 6. c3 Nf6 7. Nbd2 Bd6 8.
Ne5 O-O 9. Nxc6 bxc6 10. Bg5 h6 11. Bh4 Be7 12. Bd3 Qb6 13. Qc2 Ba6 14. b3 Rac8
15. O-O c5 16. c4 cxd4 17. f4 Rc7 18. f5 Ng4 19. Bg3 Rc6 20. fxe6 Ne3 21. Bh7+
Kh8 22. Qd3 Nxf1 23. Rxf1 Rxe6 24. Nf3 Re3 25. Qf5 d3 26. Bf2 Qe6 27. Nd4 Qxf5
28. Bxf5 Re5 29. Bg3 Re3 30. Bf4 Re2 31. Nxe2 Bc5+ 32. Nd4 Bxd4+ 33. Kh1 dxc4
34. bxc4 Bxc4 35. Bxd3 Bxd3 36. Rd1 Re8 37. h3 Bf2 38. Rxd3 g5 39. Bd2 Kg8 40.
g3 Bb6 41. Kg2 Rd8 42. Rxd8+ Bxd8 43. h4 f6 44. hxg5 fxg5 45. Kf3 Kf7 46. Kg4
Kg6 47. Kf3 Kf5 48. g4+ Ke5 49. Bc3+ Kd5 50. Bg7 a5 51. Bxh6 a4 52. Bf8 Kd4 53.
a3 Kd3 54. Bb4 Bf6 55. Bf8 1/2-1/2

[Event "Lichtenberger Sommer 2018"]
[Site "?"]
[Date "2018.08.25"]
[Round "8.90"]
[White "Fiedler, Ronald"]
[Black "Tschirschwitz, Stephan"]
[Result "1-0"]
[WhiteElo "1657"]
[BlackElo "1530"]
[PlyCount "83"]
[EventDate "2018.??.??"]
[WhiteTeam "Läufer Reinickendorf"]
[BlackTeam "Lasker Steglitz-Wilmersdorf"]

1. e4 c5 2. Nf3 Nc6 3. d4 cxd4 4. Nxd4 a6 5. Be3 d5 6. exd5 Qxd5 7. c4 Qd6 8.
Be2 Nf6 9. Nc3 Bd7 10. O-O Qb4 11. a3 Qa5 12. c5 Nxd4 13. Qxd4 e5 14. Qxe5+ Be7
15. b4 Qd8 16. Bf3 Qb8 17. Qg5 O-O 18. Bf4 Qc8 19. Qg3 Bg4 20. Nd5 Nxd5 21.
Bxd5 Bf6 22. Rae1 Bd7 23. Bd6 Re8 24. Qb3 Be6 25. Re3 Bxd5 26. Rxe8+ Qxe8 27.
Qxd5 Qb5 28. Qb3 Re8 29. h3 Qe2 30. a4 Be5 31. Qd5 Bxd6 32. cxd6 b5 33. d7 Rd8
34. Rc1 bxa4 35. Qa5 Qe7 36. Qxd8+ Qxd8 37. Rc8 Kf8 38. Rxd8+ Ke7 39. Ra8 Kxd7
40. Rxa6 a3 41. Rxa3 Kc6 42. Ra7 1-0

[Event "Lichtenberger Sommer 2018"]
[Site "?"]
[Date "2018.08.25"]
[Round "8.91"]
[White "Caglar, Erdal"]
[Black "Lange, Christoph"]
[Result "1-0"]
[WhiteElo "1486"]
[BlackElo "1268"]
[PlyCount "115"]
[EventDate "2018.??.??"]
[WhiteTeam "SW Lichtenrade"]
[BlackTeam "TSG Oberschöneweide"]

1. e4 e5 2. f4 Bc5 3. Nf3 d6 4. Bc4 Nf6 5. d4 exd4 6. Nxd4 O-O 7. Nc3 Nxe4 8.
Nxe4 d5 9. Nxc5 dxc4 10. O-O Qd5 11. Na4 b6 12. Nc3 Qd6 13. Ndb5 Qc6 14. Qf3
Bb7 15. Qxc6 Bxc6 16. Nxc7 Nd7 17. Nxa8 Rxa8 18. Re1 Nf6 19. b3 cxb3 20. axb3
a6 21. Re7 Bd7 22. Be3 Kf8 23. Re5 Rc8 24. Bd2 a5 25. Rc1 Bc6 26. Re2 Rd8 27.
Be3 b5 28. Bb6 Ra8 29. Rd1 Nd7 30. Bd4 a4 31. bxa4 bxa4 32. Rde1 Nf6 33. Bxf6
gxf6 34. Ra1 a3 35. Re3 Bd7 36. Nd5 a2 37. Nb6 Ra7 38. Nxd7+ Rxd7 39. Rxa2 Rd2
40. Rd3 Re2 41. Kf1 Re4 42. g3 Kg7 43. Rc3 Rd4 44. Ra1 Rd6 45. Rc8 Kg6 46. c4
Kf5 47. c5 Rd2 48. Re1 Rxh2 49. c6 Rc2 50. c7 Kg4 51. Re2 Rc1+ 52. Kg2 Kf5 53.
Re7 Rc2+ 54. Kh3 h5 55. Rh8 h4 56. c8=Q+ Kg6 57. Qxc2+ Kg7 58. Qh7# 1-0

[Event "Lichtenberger Sommer 2018"]
[Site "?"]
[Date "2018.08.25"]
[Round "8.92"]
[White "Theilig, Reinhard"]
[Black "Morczynski, Ryszard"]
[Result "1-0"]
[WhiteElo "1598"]
[BlackElo "1284"]
[PlyCount "49"]
[EventDate "2018.??.??"]
[WhiteTeam "VfB Hermsdorf"]
[BlackTeam "SK Zehlendorf"]

1. Nf3 g6 2. c4 Bg7 3. Nc3 d6 4. g3 e5 5. Bg2 h6 6. d3 Ne7 7. O-O a6 8. Qc2 O-O
9. Rb1 f5 10. b4 c6 11. Bb2 f4 12. Ne4 Nf5 13. Qd2 Ra7 14. d4 exd4 15. Nxd4 b6
16. Rbd1 Raf7 17. Nxf5 Bxb2 18. Nxh6+ Kh7 19. Nxf7 Rxf7 20. Qxb2 d5 21. h4 Kh6
22. Ng5 Rf5 23. cxd5 Rxg5 24. hxg5+ Qxg5 25. Qh8# 1-0

[Event "Lichtenberger Sommer 2018"]
[Site "?"]
[Date "2018.08.25"]
[Round "8.93"]
[White "Geist, Wolfgang"]
[Black "Fricke, Janek Konrad"]
[Result "0-1"]
[WhiteElo "1416"]
[BlackElo "1485"]
[PlyCount "46"]
[EventDate "2018.??.??"]
[WhiteTeam "SC Weisse Dame (Berlin)"]
[BlackTeam "SV Empor Berlin"]

1. d4 d5 2. Nf3 Nf6 3. g3 e6 4. Bg2 b6 5. O-O Bb7 6. c3 Be7 7. Nbd2 O-O 8. a3
c5 9. dxc5 Bxc5 10. b4 Bd6 11. Bb2 Nc6 12. Nd4 Rc8 13. Rc1 Be5 14. Nxc6 Bxc6
15. Nf3 Nd7 16. Nxe5 Nxe5 17. c4 Nxc4 18. Rc2 Ba4 19. Qd4 e5 20. Qxd5 Qxd5 21.
Bxd5 Bxc2 22. Bxc4 Rxc4 23. Bxe5 Re4 0-1

[Event "Lichtenberger Sommer 2018"]
[Site "?"]
[Date "2018.08.25"]
[Round "8.94"]
[White "Vollmar, Timo"]
[Black "Hömke, Holger"]
[Result "0-1"]
[WhiteElo "1477"]
[BlackElo "1578"]
[PlyCount "50"]
[EventDate "2018.??.??"]
[WhiteTeam "BSV 63 Chemie Weißensee"]
[BlackTeam "SK Zehlendorf"]

1. e4 e6 2. d4 d5 3. Nc3 dxe4 4. Nxe4 Nd7 5. Nf3 Ngf6 6. Bg5 Be7 7. Bb5 O-O 8.
Nxf6+ Nxf6 9. O-O a6 10. Bd3 b5 11. Ne5 Bb7 12. Re1 h6 13. Bf4 Rc8 14. Qd2 Qd5
15. f3 Qxd4+ 16. Kh1 Rfd8 17. Rad1 Qxb2 18. Bxh6 gxh6 19. Qxh6 Bf8 20. Qg5+ Bg7
21. Ng4 Nxg4 22. Qxg4 Qf6 23. Qh5 Qh6 24. Qc5 Bf8 25. Qe5 Bd6 0-1